000 00331nam a22001457a 4500
020 _a81-7649-168-3
082 _a001
_bSMO/F
100 _aSMOLINSKI, JILL
245 _aTHE FIRST- TIMER'S GUIDE TO ORIGAMI
260 _aDELHI
_bVIVA BOOKS
300 _a80
520 _aSCIENCE QUIZ
650 _aSCIENCE QUIZ
_zDELHI
942 _cBK
999 _c5984
_d5984